Zaklínačov Kontinent /
Cesta po ikonických miestach, kde sa odohráva dej Zaklínača. Zaklínačov Kontinent je jedinečný sprievodca, ktorý vám priblíži miesta, ktoré v príbehoch Andrzeja Sapkowského prešli Geralt, Blyskáč, Yennefer či Ciri – od skrytej pevnosti Kaer Morhen po tajomné hlbiny zatopeného Ysu, cez majestátnu Cin...
Uloženo v:
| Hlavní autor: | |
|---|---|
| Médium: | E-kniha |
| Jazyk: | Czech |
| Vydáno: |
Praha :
Albatros Media Slovakia s.r.o.,
2025
|
| Tagy: |
Žádné tagy |
| LEADER | 01450nam a22002297i 4500 | ||
|---|---|---|---|
| 001 | 302718 | ||
| 007 | ta | ||
| 008 | 260514s2025 xr ||||| |||| 00| 0 cze d | ||
| 020 | |a 9788056648445 | ||
| 044 | |a xr | ||
| 100 | 1 | |a Puysségur, Alain T. |4 aut | |
| 245 | 1 | 0 | |a Zaklínačov Kontinent / |c Puysségur, Alain T. |
| 240 | 1 | 0 | |a Le Sorceleur - Le Continent |
| 264 | 1 | |a Praha : |b Albatros Media Slovakia s.r.o., |c 2025 | |
| 300 | |a 1 online zdroj (152 stran) | ||
| 336 | |a text |b txt |2 rdacontent | ||
| 337 | |a bez média |b n |2 rdamedia | ||
| 338 | |a online zdroj |b cr |2 rdacarrier | ||
| 520 | 2 | |a Cesta po ikonických miestach, kde sa odohráva dej Zaklínača. Zaklínačov Kontinent je jedinečný sprievodca, ktorý vám priblíži miesta, ktoré v príbehoch Andrzeja Sapkowského prešli Geralt, Blyskáč, Yennefer či Ciri – od skrytej pevnosti Kaer Morhen po tajomné hlbiny zatopeného Ysu, cez majestátnu Cintru až po nepreniknuteľný Brokilon. Nevyhnutný sprievodca pre každého, kto chce znovu prežiť kľúčové momenty zaklínačskej ságy prostredníctvom obrazov. | |
| 910 | |a RBIT002 | ||
| 998 | |d 426975 |a https://core.palmknihy.cz/api/books/426975/cover?tesgi8 |b https://core.palmknihy.cz/api/books/426975/cover/400?tesgi8 |c https://core.palmknihy.cz/api/books/426975/cover/50?tesgi8 |e 2030-04-25 |g 152 |i 9788056648445 |k https://core.palmknihy.cz/api/books/426975/preview.pdf |l |q 49 |r 1 |s https://www.palmknihy.cz/kniha/426975 |t ebook |y 2025 |z 1 | ||
| 999 | |d 302716 | ||